000
00295nam a2200109Ia 4500
008
171211s9999 xx 000 0 und d
245
_a
Classical Drawing Atelier
245
_c
Juliette Aristides
260
_c
2006
650
_x
Drawing
856
_u
http://down.ebook777.com/008/9780823006571.rar
999
_c
348000
_d
348000